Responses for show #3615 - Friday, April 28, 2000

Contestants

[<< previous game]

Thad Davis, a playwright and teacher from Los Angeles, California

Michael Caro, a director of communications from Los Angeles, California

Alan Taber, a mechanical engineer from Lancaster, California (whose 2-day cash winnings total $27,002)

[next game >>]

Jeopardy! Round responses

FOUR
SEASONS
SUM-MERS
"FALL"
WINTERS
SPRING
    $100 1
Basketball

Michael
    $100 6
(Alex: And elsewhere, too!)

Mint (Julep)

Alan
    $100 13
Pythagoras

Thad
    $100 8
Falling star

Thad
    $100 18
Frosty

Alan
    $100 22
Niagara Falls

Michael
    $200 2
Saint John the Divine

Thad
    $200 7
Dill (pickle)

Michael
    $200 14
Lord Kelvin

Alan
    $200 9
Fallout shelters

Alan
    $200 19
Alice in Wonderland

Thad
    $200 23
Ford

Thad
    $300 3
Mao Tse-tung

Michael
    $300 28
Tarragon

Michael
    $300 15
Algebra

Triple Stumper
    $300 10
The Fall Guy

Alan
    $400 20
(Alex: On Mork and Mindy--his son kept getting younger instead of older.)

Robin Williams

Thad
    $300 24
Michael Jordan

Alan
    $400 4
(T: What is Islam?)

Buddhism

AlanThad
    $400 29
(T: What is Red Hot Chili Pepper Powder?)
(Alex: OK.)

Red Hot Chili Powder

Thad
    $400 16
Bertrand Russell

Alan
    $400 11
"The Fall of the House of Usher"

Alan
    $400 21
Mark Twain

Alan
    $400 25
New York City

Michael
    $500 5
Antarctica

Alan
    $500 30
Coriander

Thad
    $500 17
Gottfried Leibniz

Thad
    $500 12
(M: What is Fallmouth?)
(A: What is Fall Brook?)

Fall River

AlanMichael
Triple Stumper
    $500 27
Frickert

Triple Stumper
    $500 26
(T: What are St. Louis & San Francisco?)
(A: What are St. Louis & Sacramento?)

St. Joseph, Missouri & Sacramento, California

AlanThad
Triple Stumper

Scores at the first commercial break (after clue 16):

Alan Michael Thad
$2,000 $100 $0

Scores at the end of the Jeopardy! Round:

Alan Michael Thad
$2,300 $900 $1,700

Double Jeopardy! Round responses

MOUNTAINS
THE BLAIR NICHE PROJECT
LITERARY CHARACTERS
TV MOVIES
ANAGRAMMED U.S. CITIES
THIS PLACE IS A ZOO!
    $200 2
Mount Everest

Alan
    $200 23
(Alex: Less than a minute to go.)

Linda Blair

Michael
    $200 11
Harriet Beecher Stowe

Thad
    $200 1
Ayn Rand

Alan
    $200 18
Wheeling

Alan
    $200 8
tigers

Alan
    $400 3
Mount Pinatubo

Alan
    $400 28
Tony Blair

Thad
    $400 12
Stephen Crane

Alan
    $400 7
Bill Gates

Alan
    $400 19
Aspen

Michael
    $400 9
Berlin

Alan
    $600 4
(Michael: What is Mount Haleakala?)

Mauna Kea

Michael
Triple Stumper
    $600 29
[The end-of-round signal sounds.]

Bonnie Blair

Thad
    $600 13
The Brothers Karamazov

Alan
    $600 26
Dashiell Hammett & Lillian Hellman

Thad
    $600 20
Newport

Michael
    $600 10
Oktoberfest

Thad
    $800 5
Mount Cook

Alan
    $800 27
Blair House

Alan
    $1,000 14
pride & prejudice

Alan
    $800 24
(Thad: What is Bang the Drum Slowly?)

Brian's Song

MichaelThad
    $800 21
Charlotte

Michael
    $800 16
(Alex: Apparently not to Alan, Michael, and Thad!)

"Jungle Jack" Hanna

Triple Stumper
    $1000 6
Caucasus

Michael
    $1000 15
Thomas Hardy

Alan
    $1000 25
Sybil

Thad
    $1000 22
(Michael: [No response])

Boca Raton

AlanMichael
    $1,000 17
(Alan: What is an orangutan?)

Proboscis monkey

Alan

Scores at the end of the Double Jeopardy! Round:

Alan Michael Thad
$8,900 $3,100 $4,300
(lock game)

[wagering suggestions for these scores]

Final Jeopardy! Round responses

SPORTS CHAMPIONS
MichaelWho is Jack Nicklaus
$1,113
ThadWho is Ben Crenshaw
$1,999
AlanWho is Nicklaus?
$198
Jack Nicklaus

Final scores:

Alan Michael Thad
$9,098 $4,213 $2,301
3-day champion: $36,100 2nd place: a trip to El Cid Mega Resort, Mazatlan, Mexico 3rd place: a trip on the Goodyear blimp Eagle over Southern California

Game dynamics:

Coryat scores:

Alan Michael Thad
$9,700 $3,100 $4,200
25 R
(including 1 DD),
3 W
(including 1 DD)
12 R,
3 W
15 R
(including 1 DD),
3 W

Combined Coryat: $17,000

The J! Archive is created by fans, for fans. Scraping, republication, monetization, and malicious use prohibited; this site may use cookies and collect identifying information. See terms. The Jeopardy! game show and all elements thereof, including but not limited to copyright and trademark thereto, are the property of Jeopardy Productions, Inc. and are protected under law. This website is not affiliated with, sponsored by, or operated by Jeopardy Productions, Inc. Join the discussion at JBoard.tv.